000 00559nam a22001937a 4500
005 20130830123503.0
010 _aENG-108355
020 _c200.00
035 _aEN-91888
037 _bDBAD/PUB
082 _a540.3
100 _aYadav, M.S.
245 _aSupreme dictionary of chemistry /
_cby M.S. Yadav [and] N.K. Sehgal
260 _aDelhi
_bKalra Publications
_c2010-11
270 _a2619-20/3, New Market, Nai Sarak,
_bDelhi
_e110006
300 _a296p. :
_c22cm(Hb)
_bill.
700 _aSehgal, N.K.
942 _2ddc
_cEN
_mYAD
_h540.3
999 _c78767
_d78767